Vplyv daní na dôchodkovú nerovnosť diplomová práca

Enregistré dans:
Détails bibliographiques
Auteur principal: Pavláková, Patrícia
Collectivité auteur: Národohospodárska fakulta EU. Katedra financií
Autres auteurs: Zubaľová, Alena, 1959-
Format: Livre
Langue:slovaque
Publié: Bratislava 2019
Tags: Ajouter un tag
Pas de tags, Soyez le premier à ajouter un tag!

MARC

LEADER 00000nbm a2200000 4500
001 0254876
005 20190724132429.5
041 0 |a slo 
044 |a SK 
245 1 0 |a Vplyv daní na dôchodkovú nerovnosť  |b diplomová práca  |c Patrícia Pavláková ; školiteľ: Alena Zubaľová 
264 1 |a Bratislava  |c 2019 
300 |a 63 s. 
100 1 |a Pavláková, Patrícia 
700 1 |a Zubaľová, Alena, 1959- 
710 2 |a Národohospodárska fakulta EU. Katedra financií